Skoki Narciarskie- Skoczkowie, którzy zajęli 3 miejsce w TCS - Statystyki

Ogólne statystyki
  • Ten quiz został rozwiązany 112 razy
    54 od ostatniego zresetowania
  • Średni wynik to 16 z 70
Statystyki odpowiedzi
Hint Odpowiedź % Poprawnych
69 Dawid Kubacki
86%
51 Adam Małysz
84%
65 Daniel-Andre Tande
78%
43 Janne Ahonen
71%
46 Janne Ahonen
71%
70 Halvor Egner Granerud
67%
63 Peter Prevc
67%
53 Thomas Morgenstern
67%
68 Karl Geiger
65%
57 Gregor Schlierenzauer
63%
55 Simon Ammann
63%
62 Simon Ammann
63%
48 Martin Schmitt
49%
49 Martin Schmitt
49%
60 Andreas Kofler
47%
71 Anze Lanisek
47%
42 Andreas Goldberger
39%
64 Michael Hayboeck
39%
58 Wolfgang Loitzl
39%
38 Jens Weissflog
37%
66 Anders Fannemel
33%
7 Arne Hoel
22%
67 Stephan Leyhe
22%
39 Dieter Thoma
20%
45 Dieter Thoma
20%
50 Martin Hoellwarth
20%
14 Bjoern Wirkola
18%
47 Hideharu Miyahira
18%
32 Matti Nykaenen
18%
59 Tom Hilde
18%
61 Tom Hilde
18%
41 Jaroslav Sakala
16%
2 Josef Bradl
16%
54 Roar Ljoekelsoey
14%
52 Peter Zonta
12%
36 Jiri Parma
10%
31 Horst Bulau
8%
6 Nikołaj Kamienski
8%
44 Reinhard Schwarzenberger
8%
10 Hemmo Silvennoinen
6%
29 Jari Puikkonen
6%
34 Jari Puikkonen
6%
5 Max Bolkart
6%
11 Max Bolkart
6%
56 Michael Neumayer
6%
30 Per Bergerud
6%
40 Werner Rathmayr
6%
25 Henry Glass
4%
27 Jochen Danneberg
4%
23 Karl Schnabl
4%
33 Klaus Ostwald
4%
21 Siergiej Boczkow
4%
1 Asgeir Doelplads
2%
3 Aulis Kallakorpi
2%
12 Baldur Preiml
2%
22 Bernd Eckstein
2%
13 Dalibor Motejlek
2%
15 Dieter Neuendorf
2%
16 Dieter Neuendorf
2%
18 Garij Napałkow
2%
9 Kalevi Kaerkinen
2%
26 Martin Weber
2%
28 Martin Weber
2%
4 Nikołaj Szamow
2%
8 Otto Leodolter
2%
24 Reinhold Bachler
2%
20 Tauno Kayhko
2%
35 Ulf Findeisen
2%
17 Zbynek Hubac
2%
19 Zbynek Hubac
2%
Nie znaleziono quizów pasujących do podanych kryteriów
Rozkład punktacji
Procent ludzi z każdym wynikiem
Percentyl według liczby udzielonych odpowiedzi
Twoja historia wyników
Nie rozwiązałeś tego quizu od ostatniego zresetowania